Statistics for Countries with Jollibee

Click here to take the quiz!

General Stats

  • This quiz has been taken 45 times
  • The average score is 10 of 15

Answer Stats

ContinentCountry% Correct
North AmericaUnited States of America
92%
Asiathe Philippines
89%
AsiaChina
86%
North AmericaCanada
81%
EuropeUnited Kingdom
81%
AsiaVietnam
76%
AsiaMalaysia
73%
EuropeItaly
68%
AsiaSaudi Arabia
62%
AsiaQatar
59%
AsiaSingapore
59%
AsiaUnited Arab Emirates
59%
AsiaKuwait
57%
AsiaBahrain
54%
AsiaBrunei
43%

Score Distribution

Percentile by Number Answered

Percent of People with Each Score

Your Score History

You have not taken this quiz